000
00165nam a22000857a 4500
082
_a
823
100
_a
UNKNOWN
245
_a
FAMOUS TALES FROM ARABIAN NIGHTS
942
_c
BK
999
_c
8177
_d
8177